Responses for Show #2278 - Wednesday, June 29, 1994

Contestants

[<< previous game]

Chris Tharrington, a naval officer from Washington, D.C.

Michael Bowen, an accountant from Monroe, New York

Margaret Robbins, a college professor from New Concord, Ohio (whose 2-day cash winnings total $23,401)

[next game >>]

Jeopardy! Round responses

HISTORIC NAMES
SONG LYRICS
BIRTHSTONES
STATE CAPITALS
WINES
SPIRITS
    $100 21
Cleopatra

Margaret
    $100 5
"Love And Marriage"

Chris
    $100 26
an amethyst

Michael
    $100 1
Salt Lake City

Margaret
    $100 8
(Margaret: What is champagne?)

sparkling

MargaretMichael
    $100 16
hearing the spirit world

Margaret
    $200 22
Charlemagne

Michael
    $200 6
the "Bird Dog"

Michael
    $200 27
12

Margaret
    $200 2
Nashville

Chris
    $200 9
a split

Michael
    $200 17
a Ouija board

Michael
    $300 23
Ho Chi Minh

Michael
    $300 10
(Chris: What is December?)

January

MichaelChris
    $300 28
turquoise

Chris
    $300 3
Augusta

Margaret
    $300 11
Vermouth

Margaret
    $300 18
a trance

Margaret
    $2,000 24
Magellan

Michael
    $400 14
Captain Spaulding

Michael
    $400 29
a bloodstone

Margaret
    $400 4
Lincoln

Michael
    $400 12
the Loire Valley

Margaret
    $400 19
knocking

Chris
    $500 25
Hannibal

Michael
    $500 15
moments to remember

Michael
    $500 30
topaz

Margaret
    $500 7
Cheyenne, Wyoming

Michael
    $500 13
(Michael: What is port?)
(Margaret: What is sherry?)

madeira

MargaretMichael
Triple Stumper
    $500 20
Duke

Michael

Scores at the first commercial break (after clue 15):

Margaret Michael Chris
$500 $2,100 $0

Scores at the end of the Jeopardy! Round:

Margaret Michael Chris
$2,100 $5,900 $700

Double Jeopardy! Round responses

WORLD FACTS
ART
PRESIDENTS
PROTEINS
WORD ORIGINS
LITERATURE
    $200 9
rice

Margaret
    $200 8
Picasso

Margaret
    $200 1
the American Bar Association

Michael
    $200 16
muscles

Chris
    $200 2
a fib

Chris
    $200 22
Melville

Michael
    $400 10
the Great Barrier Reef

Margaret
    $400 14
Goya

Margaret
    $400 3
Wilson

Michael
    $400 18
DNA

Michael
    $400 4
a sabbatical

Chris
    $400 23
Frank Baum

Margaret
    $600 11
pounds

Michael
    $600 15
Seurat

Michael
    $600 17
LBJ

Michael
    $600 19
hemoglobin

Margaret
    $600 5
a slogan

Margaret
    $600 24
(Mary) Shelley

Chris
    $2,000 12
(Michael: What are Greeks?)
[Accepted without remark]

Greece

Michael
    $800 29
Rodin

Triple Stumper
    $800 25
Franklin Roosevelt

Chris
    $1,500 20
Insulin

Margaret
    $800 6
mortadella

Michael
    $800 27
(Michael: What is You Can't Go Home Again?)

Look Homeward Angel

Michael
Triple Stumper
    $1000 13
Sunni Muslims

Michael
    $1000 30
(Michael: What is Nighthawks at the Diner?)

Nighthawks

Michael
Triple Stumper
    $1000 26
(Margaret: Who was Robert E. Lee?)

John Tyler

Margaret
Triple Stumper
    $1000 21
enzymes

Triple Stumper
    $1000 7
(Michael: What is rustic?)

quaint

Michael
Triple Stumper
    $1000 28
The Source

Margaret

Scores at the end of the Double Jeopardy! Round:

Margaret Michael Chris
$6,400 $9,900 $2,900

[wagering suggestions for these scores]

Final Jeopardy! Round responses

THE NOBEL PRIZE
ChrisWhat is peace
$2,900
MargaretWhat is literature?
$6,399
MichaelWhat is peace?
$3,000
Peace

Final scores:

Margaret Michael Chris
$1 $12,900 $5,800
3rd place: Enesco "Small World of Music" + Wheel of Fortune & Jeopardy! games for the Super Nintendo & Sega Genesis New champion: $12,900 2nd place: Panasonic camcorder + Benrus ladies' watch

Game dynamics:

Coryat scores:

Margaret Michael Chris
$5,700 $7,100 $2,900
19 R
(including 1 DD),
3 W
25 R
(including 2 DDs),
4 W
9 R,
1 W

Combined Coryat: $15,700

[game clues] [game scores] [suggest correction]

Game tape date: 1994-02-14
The J! Archive is created by fans, for fans. Scraping, republication, monetization, and malicious use prohibited; this site may use cookies and collect identifying information. See terms. The Jeopardy! game show and all elements thereof, including but not limited to copyright and trademark thereto, are the property of Jeopardy Productions, Inc. and are protected under law. This website is not affiliated with, sponsored by, or operated by Jeopardy Productions, Inc. Join the discussion at JBoard.tv.